Statistics for Call of Duty 3 Weapons

Click here to take the quiz!

General Stats

  • This quiz has been taken 4 times
  • The average score is 16 of 19

Answer Stats

AnswerHint% Correct
BazookaRocket Launcher
100%
Colt .45Sidearm
100%
Gewehr 43Semi-Automatic Rifle - Campaign Only
100%
Kar98kBolt-Action Rifle
100%
Lee-EnfieldBolt-Action Rifle - Campaign Only
100%
M1919A6 .30calMachine Gun
100%
M1 GarandSemi-Automatic Rifle
100%
MG34Machine Gun
100%
MP40Submachine Gun
100%
PanzerschreckRocket Launcher
100%
SpringfieldBolt-Action Rifle
100%
StenSubmachine Gun - Campaign Only
100%
ThompsonSubmachine Gun
100%
BARSupport
67%
BrenSupport - Campaign Only
67%
FG42Support - Campaign Only
67%
P-38Sidearm
67%
M1897 Trench GunShotgun
33%
MP44Support
33%

Score Distribution

Percentile by Number Answered

Percent of People with Each Score

Your Score History

You have not taken this quiz